00157nam a2200061Ia 4500008004100000100002000041245003400061120527s9999 xx 000 0 und d aPojman, P.Loius aPhilosohy:the guest for truth